| 000 | 00583nam a2200181 u 4500 | ||
|---|---|---|---|
| 001 | 000769717 | ||
| 003 | AM-YEHGA | ||
| 005 | 20250617164049.0 | ||
| 008 | 101102s1962 ||||||||||||||||||||rus|c | ||
| 040 | _aAM-YeHGA | ||
| 041 | 0 | _arus | |
| 100 | 1 |
_aЛеонов, Леонид Максимович _d1899-1994 |
|
| 245 | 1 | 0 |
_aВор : _bРоман / _cЛ.М. Леонов. |
| 260 |
_aМосква : _bСоветская Россия, _c1962. |
||
| 300 |
_a683 стр. : _b1 л. портр. ; _c21 см. |
||
| 650 | 1 | 4 |
_aРусская литература _xРоман |
| 090 | _c520708 | ||
| 999 |
_c517158 _d517158 |
||